| 000 | 00627nam a2200229Ia 4500 | ||
|---|---|---|---|
| 003 | GCL | ||
| 008 | 140319s9999 xx 000 0 ara d | ||
| 040 |
_aGCL / _cGCL |
||
| 082 | 0 | 4 |
_aط _b509 _bم ح |
| 100 | 1 | _aمحمد مكداشى | |
| 245 | 1 | 0 |
_aحكاية الاعداد / _cمحمد مكداشى |
| 300 | _a52 ص | ||
| 490 |
_aالعلوم والانسان _v0 |
||
| 650 | 0 | 4 | _aالاطفال |
| 650 | 0 | 4 | _aتعليم الاطفال |
| 650 | 0 | 4 | _aالحضارة الفرعونية |
| 650 | 0 | 4 | _aالخط |
| 650 | 0 | 4 | _aالاعداد |
| 650 | 0 | 4 | _aالابجدية |
| 650 | 0 | 4 | _aالارقام |
| 942 |
_2ddc _cBK |
||
| 999 |
_c38356 _d38356 |
||